[Event "FIDE World Cup 2025"]
[Site "Goa, India"]
[Date "2025.11.03"]
[Round "4.3"]
[White "Narayanan, S"]
[Black "Rojas Salas, Steven"]
[Result "1-0"]
[TimeControl ": 90 minutes for the first 40 moves, followed by 30 minutes for the rest of the gamewith an increment of 30 seconds per move starting from move 1"]
[WhiteFideId "5058422"]
[BlackFideId "3819434"]
[WhiteElo "2617"]
[BlackElo "2413"]

1. d4 {[%clk 00:15:18]} {[%emt 00:00:03]} d5 {[%clk 00:15:19]} 2. c4 {[%clk
00:15:26]} {[%emt 00:00:02]} e6 {[%clk 00:15:29]} 3. Nf3 {[%clk 00:15:33]}
{[%emt 00:00:02]} Nf6 {[%clk 00:15:38]} {[%emt 00:00:01]} 4. Nc3 {[%clk
00:15:41]} {[%emt 00:00:02]} dxc4 {[%clk 00:15:46]} {[%emt 00:00:02]} 5. e3
{[%clk 00:15:27]} {[%emt 00:00:24]} a6 {[%clk 00:15:55]} {[%emt 00:00:01]} 6.
Bxc4 {[%clk 00:15:35]} {[%emt 00:00:02]} b5 {[%clk 00:16:00]} {[%emt 00:00:06]}
7. Bb3 {[%clk 00:15:43]} Bb7 {[%clk 00:16:06]} {[%emt 00:00:04]} 8. O-O {[%clk
00:15:43]} {[%emt 00:00:11]} Nbd7 {[%clk 00:16:15]} {[%emt 00:00:01]} 9. e4
{[%clk 00:15:43]} {[%emt 00:00:11]} c5 {[%clk 00:15:08]} {[%emt 00:01:17]} 10.
d5 {[%clk 00:14:51]} {[%emt 00:01:01]} c4 {[%clk 00:15:07]} {[%emt 00:00:11]}
11. Bc2 {[%clk 00:14:59]} Bc5 {[%clk 00:14:31]} {[%emt 00:00:47]} 12. dxe6
{[%clk 00:14:08]} {[%emt 00:01:01]} fxe6 {[%clk 00:14:39]} {[%emt 00:00:02]} 13.
e5 {[%clk 00:14:15]} {[%emt 00:00:02]} Bxf3 {[%clk 00:14:16]} {[%emt 00:00:33]}
14. Qxf3 {[%clk 00:14:23]} {[%emt 00:00:02]} Nxe5 {[%clk 00:14:24]} {[%emt
00:00:03]} 15. Qe2 {[%clk 00:14:18]} {[%emt 00:00:14]} Nd3 {[%clk 00:12:09]}
{[%emt 00:02:24]} 16. Bxd3 {[%clk 00:13:31]} {[%emt 00:00:57]} Qxd3 {[%clk
00:11:32]} {[%emt 00:00:48]} 17. Qxe6+ {[%clk 00:13:34]} {[%emt 00:00:07]} Kf8
{[%clk 00:11:40]} {[%emt 00:00:02]} 18. Qc6 {[%clk 00:13:32]} {[%emt 00:00:12]}
Bd6 {[%clk 00:09:48]} {[%emt 00:02:03]} 19. Qxa8+ {[%clk 00:13:34]} {[%emt
00:00:07]} Kf7 {[%clk 00:09:57]} 20. Qb7+ {[%clk 00:13:34]} {[%emt 00:00:10]}
Kg6 {[%clk 00:10:03]} {[%emt 00:00:03]} 21. Rd1 {[%clk 00:13:22]} {[%emt
00:00:23]} Re8 {[%clk 00:10:11]} {[%emt 00:00:03]} 22. Be3 {[%clk 00:12:59]}
{[%emt 00:00:32]} 1-0

[Event "FIDE World Cup 2025"]
[Site "Goa, India"]
[Date "2025.11.03"]
[Round "4.4"]
[White "Agibileg, Uurtsaikh"]
[Black "Henriquez Villagra, Cristobal"]
[Result "0-1"]
[TimeControl ": 90 minutes for the first 40 moves, followed by 30 minutes for the rest of the gamewith an increment of 30 seconds per move starting from move 1"]
[WhiteFideId "4901606"]
[BlackFideId "3409350"]
[WhiteElo "2448"]
[BlackElo "2605"]

1. d4 {[%clk 00:15:16]} {[%emt 00:00:04]} d5 {[%clk 00:15:19]} {[%emt
00:00:01]} 2. c4 {[%clk 00:15:19]} {[%emt 00:00:07]} e6 {[%clk 00:15:28]} 3. g3
{[%clk 00:15:23]} {[%emt 00:00:06]} Bb4+ {[%clk 00:15:35]} {[%emt 00:00:02]} 4.
Bd2 {[%clk 00:15:28]} {[%emt 00:00:06]} Be7 {[%clk 00:15:42]} {[%emt 00:00:03]}
5. Nf3 {[%clk 00:15:24]} {[%emt 00:00:14]} Nf6 {[%clk 00:15:51]} {[%emt
00:00:01]} 6. Bg2 {[%clk 00:15:28]} {[%emt 00:00:06]} O-O {[%clk 00:15:59]}
{[%emt 00:00:03]} 7. O-O {[%clk 00:15:19]} {[%emt 00:00:19]} c6 {[%clk
00:15:50]} {[%emt 00:00:20]} 8. Qc2 {[%clk 00:15:22]} {[%emt 00:00:07]} Nbd7
{[%clk 00:15:58]} {[%emt 00:00:02]} 9. Rc1 {[%clk 00:15:25]} {[%emt 00:00:06]}
a5 {[%clk 00:15:53]} {[%emt 00:00:16]} 10. a3 {[%clk 00:15:29]} {[%emt
00:00:07]} h6 {[%clk 00:15:21]} {[%emt 00:00:42]} 11. Be1 {[%clk 00:13:49]}
{[%emt 00:01:49]} b5 {[%clk 00:14:12]} {[%emt 00:01:19]} 12. cxb5 {[%clk
00:12:55]} {[%emt 00:01:05]} cxb5 {[%clk 00:14:21]} {[%emt 00:00:01]} 13. Nbd2
{[%clk 00:12:48]} {[%emt 00:00:17]} Ba6 {[%clk 00:08:50]} {[%emt 00:05:40]} 14.
e4 {[%clk 00:07:56]} {[%emt 00:05:03]} Nb6 {[%clk 00:04:37]} {[%emt 00:04:23]}
15. Ne5 {[%clk 00:07:03]} {[%emt 00:01:03]} Bb7 {[%clk 00:04:06]} {[%emt
00:00:40]} 16. exd5 {[%clk 00:07:02]} {[%emt 00:00:12]} Nbxd5 {[%clk 00:04:04]}
{[%emt 00:00:12]} 17. Nb3 {[%clk 00:06:46]} {[%emt 00:00:27]} Qb6 {[%clk
00:03:34]} {[%emt 00:00:39]} 18. Nc5 {[%clk 00:06:40]} {[%emt 00:00:16]} Rfd8
{[%clk 00:02:11]} {[%emt 00:01:33]} 19. b4 {[%clk 00:06:28]} {[%emt 00:00:23]}
axb4 {[%clk 00:02:14]} {[%emt 00:00:07]} 20. axb4 {[%clk 00:06:31]} {[%emt
00:00:07]} Bd6 {[%clk 00:02:17]} {[%emt 00:00:07]} 21. Qe2 {[%clk 00:06:11]}
{[%emt 00:00:30]} Rxa1 {[%clk 00:01:50]} {[%emt 00:00:37]} 22. Rxa1 {[%clk
00:06:18]} {[%emt 00:00:03]} Bxe5 {[%clk 00:01:57]} {[%emt 00:00:03]} 23. dxe5
{[%clk 00:05:49]} {[%emt 00:00:40]} Nd7 {[%clk 00:01:35]} {[%emt 00:00:32]} 24.
Nxb7 {[%clk 00:05:22]} {[%emt 00:00:36]} Qxb7 {[%clk 00:01:44]} 25. Ra5 {[%clk
00:05:24]} {[%emt 00:00:08]} Rb8 {[%clk 00:01:52]} {[%emt 00:00:02]} 26. f4
{[%clk 00:03:31]} {[%emt 00:02:03]} Qc6 {[%clk 00:01:59]} {[%emt 00:00:02]} 27.
h3 {[%clk 00:03:13]} {[%emt 00:00:29]} Qc1 {[%clk 00:01:25]} {[%emt 00:00:45]}
28. Qd2 {[%clk 00:02:47]} {[%emt 00:00:35]} Qb1 {[%clk 00:01:21]} {[%emt
00:00:14]} 29. Bf1 {[%clk 00:01:39]} {[%emt 00:01:18]} N7b6 {[%clk 00:00:47]}
{[%emt 00:00:45]} 30. Rxb5 {[%clk 00:01:31]} {[%emt 00:00:17]} g6 {[%clk
00:00:43]} {[%emt 00:00:14]} 31. Bd3 {[%clk 00:01:19]} {[%emt 00:00:22]} Qa1
{[%clk 00:00:38]} {[%emt 00:00:15]} 32. Ra5 {[%clk 00:00:38]} {[%emt 00:00:50]}
Qd4+ {[%clk 00:00:47]} {[%emt 00:00:02]} 33. Bf2 {[%clk 00:00:47]} {[%emt
00:00:01]} Qxb4 {[%clk 00:00:55]} {[%emt 00:00:02]} 34. Qxb4 {[%clk 00:00:46]}
{[%emt 00:00:11]} Nxb4 {[%clk 00:01:04]} 35. Be4 {[%clk 00:00:47]} {[%emt
00:00:10]} N6d5 {[%clk 00:01:08]} {[%emt 00:00:05]} 36. h4 {[%clk 00:00:44]}
{[%emt 00:00:13]} h5 {[%clk 00:00:37]} {[%emt 00:00:41]} 37. Kg2 {[%clk
00:00:44]} {[%emt 00:00:09]} Nc6 {[%clk 00:00:34]} {[%emt 00:00:14]} 38. Ra2
{[%clk 00:00:38]} {[%emt 00:00:15]} Nc3 {[%clk 00:00:38]} {[%emt 00:00:06]} 39.
Bxc6 {[%clk 00:00:11]} {[%emt 00:00:38]} Nxa2 {[%clk 00:00:47]} 40. Kf3 {[%clk
00:00:13]} {[%emt 00:00:09]} Rb3+ {[%clk 00:00:52]} {[%emt 00:00:05]} 41. Kg2
{[%clk 00:00:20]} {[%emt 00:00:03]} Nb4 {[%clk 00:01:01]} 42. Be4 {[%clk
00:00:27]} {[%emt 00:00:03]} Nd3 {[%clk 00:01:05]} {[%emt 00:00:06]} 43. Bg1
{[%clk 00:00:21]} {[%emt 00:00:16]} Rb2+ {[%clk 00:01:08]} {[%emt 00:00:08]} 44.
Kf3 {[%clk 00:00:20]} {[%emt 00:00:10]} Nb4 {[%clk 00:00:47]} {[%emt 00:00:31]}
45. Bc5 {[%clk 00:00:23]} {[%emt 00:00:07]} Rb3+ {[%clk 00:00:56]} {[%emt
00:00:02]} 46. Kg2 {[%clk 00:00:28]} {[%emt 00:00:04]} Nd5 {[%clk 00:01:05]}
{[%emt 00:00:01]} 47. Kf2 {[%clk 00:00:26]} {[%emt 00:00:13]} Rc3 {[%clk
00:01:04]} {[%emt 00:00:10]} 48. Ba7 {[%clk 00:00:32]} {[%emt 00:00:04]} Kf8
{[%clk 00:01:11]} {[%emt 00:00:03]} 49. Bf3 {[%clk 00:00:32]} {[%emt 00:00:10]}
Ke8 {[%clk 00:01:11]} {[%emt 00:00:11]} 50. Be2 {[%clk 00:00:36]} {[%emt
00:00:06]} Kd8 {[%clk 00:01:13]} {[%emt 00:00:08]} 51. Bb5 {[%clk 00:00:22]}
{[%emt 00:00:23]} Rb3 {[%clk 00:01:11]} {[%emt 00:00:12]} 52. Bc4 {[%clk
00:00:18]} {[%emt 00:00:14]} Ra3 {[%clk 00:01:19]} {[%emt 00:00:02]} 53. Bc5
{[%clk 00:00:11]} {[%emt 00:00:16]} Rc3 {[%clk 00:01:27]} {[%emt 00:00:03]} 54.
Bxd5 {[%clk 00:00:19]} {[%emt 00:00:02]} exd5 {[%clk 00:01:34]} {[%emt
00:00:03]} 55. Bd4 {[%clk 00:00:22]} {[%emt 00:00:07]} Rb3 {[%clk 00:01:43]}
{[%emt 00:00:01]} 56. Be3 {[%clk 00:00:13]} {[%emt 00:00:19]} Kd7 {[%clk
00:01:52]} 57. f5 {[%clk 00:00:14]} {[%emt 00:00:09]} gxf5 {[%clk 00:02:00]}
{[%emt 00:00:02]} 58. Bd4 {[%clk 00:00:22]} {[%emt 00:00:02]} Kc6 {[%clk
00:02:09]} 59. Kg2 {[%clk 00:00:25]} {[%emt 00:00:08]} Kb5 {[%clk 00:02:18]}
0-1

[Event "FIDE World Cup 2025"]
[Site "Goa, India"]
[Date "2025.11.03"]
[Round "4.5"]
[White "Ansat, Aldiyar"]
[Black "Cori, Jorge"]
[Result "0-1"]
[TimeControl ": 90 minutes for the first 40 moves, followed by 30 minutes for the rest of the gamewith an increment of 30 seconds per move starting from move 1"]
[WhiteFideId "13715658"]
[BlackFideId "3802272"]
[WhiteElo "2470"]
[BlackElo "2594"]

1. e4 {[%clk 00:15:19]} {[%emt 00:00:01]} e5 {[%clk 00:15:19]} 2. Nf3 {[%clk
00:15:28]} {[%emt 00:00:01]} Nc6 {[%clk 00:15:28]} 3. Bb5 {[%clk 00:15:36]}
{[%emt 00:00:02]} Nf6 {[%clk 00:15:36]} 4. O-O {[%clk 00:15:45]} {[%emt
00:00:02]} Nxe4 {[%clk 00:15:44]} {[%emt 00:00:02]} 5. Re1 {[%clk 00:15:54]}
Nd6 {[%clk 00:15:52]} {[%emt 00:00:02]} 6. a4 {[%clk 00:16:03]} Be7 {[%clk
00:15:41]} {[%emt 00:00:21]} 7. Nc3 {[%clk 00:16:12]} {[%emt 00:00:01]} O-O
{[%clk 00:15:48]} {[%emt 00:00:03]} 8. d4 {[%clk 00:16:21]} {[%emt 00:00:01]}
a6 {[%clk 00:14:20]} {[%emt 00:01:37]} 9. Bf1 {[%clk 00:16:12]} {[%emt
00:00:18]} e4 {[%clk 00:14:17]} {[%emt 00:00:13]} 10. Nxe4 {[%clk 00:16:21]}
{[%emt 00:00:02]} Nxe4 {[%clk 00:14:26]} 11. Rxe4 {[%clk 00:16:30]} d5 {[%clk
00:14:35]} 12. Re1 {[%clk 00:16:39]} {[%emt 00:00:01]} Bf5 {[%clk 00:14:38]}
{[%emt 00:00:07]} 13. c3 {[%clk 00:15:51]} {[%emt 00:00:58]} Re8 {[%clk
00:14:42]} {[%emt 00:00:06]} 14. Bf4 {[%clk 00:15:55]} {[%emt 00:00:07]} Qd7
{[%clk 00:14:42]} {[%emt 00:00:10]} 15. Qd2 {[%clk 00:14:45]} {[%emt 00:01:20]}
Bf8 {[%clk 00:14:16]} {[%emt 00:00:36]} 16. b4 {[%clk 00:14:38]} {[%emt
00:00:17]} Be4 {[%clk 00:14:16]} {[%emt 00:00:10]} 17. Re3 {[%clk 00:11:17]}
{[%emt 00:03:31]} Bxf3 {[%clk 00:12:18]} {[%emt 00:02:07]} 18. Rxf3 {[%clk
00:11:23]} {[%emt 00:00:05]} Ne7 {[%clk 00:12:12]} {[%emt 00:00:16]} 19. g3
{[%clk 00:09:26]} {[%emt 00:02:07]} Nc8 {[%clk 00:12:04]} {[%emt 00:00:19]} 20.
Re3 {[%clk 00:05:48]} {[%emt 00:03:48]} Nd6 {[%clk 00:10:58]} {[%emt 00:01:15]}
21. Rxe8 {[%clk 00:05:49]} {[%emt 00:00:10]} Rxe8 {[%clk 00:11:07]} {[%emt
00:00:01]} 22. Qc2 {[%clk 00:05:56]} {[%emt 00:00:03]} c6 {[%clk 00:09:58]}
{[%emt 00:01:19]} 23. Qd3 {[%clk 00:05:17]} {[%emt 00:00:49]} g6 {[%clk
00:09:39]} {[%emt 00:00:29]} 24. h4 {[%clk 00:03:11]} {[%emt 00:02:17]} Nc4
{[%clk 00:09:39]} {[%emt 00:00:10]} 25. Qf3 {[%clk 00:03:03]} {[%emt 00:00:17]}
Qf5 {[%clk 00:09:44]} {[%emt 00:00:05]} 26. Bd3 {[%clk 00:02:45]} {[%emt
00:00:28]} Nd2 {[%clk 00:07:20]} {[%emt 00:02:34]} 27. Qe3 {[%clk 00:02:53]}
{[%emt 00:00:03]} Rxe3 {[%clk 00:07:10]} {[%emt 00:00:19]} 28. Bxf5 {[%clk
00:03:02]} {[%emt 00:00:02]} Nf3+ {[%clk 00:07:19]} {[%emt 00:00:01]} 29. Kg2
{[%clk 00:03:11]} Re1 {[%clk 00:01:44]} {[%emt 00:05:45]} 30. Ra2 {[%clk
00:02:24]} {[%emt 00:00:57]} Nxh4+ {[%clk 00:01:07]} {[%emt 00:00:47]} 31. gxh4
{[%clk 00:02:33]} gxf5 {[%clk 00:01:16]} {[%emt 00:00:01]} 32. b5 {[%clk
00:02:42]} Re4 {[%emt 00:00:42]} 33. Kf3 {[%clk 00:02:51]} f6 {[%clk 00:00:28]}
{[%emt 00:00:25]} 34. bxa6 {[%clk 00:02:24]} {[%emt 00:00:38]} bxa6 {[%clk
00:00:38]} 35. Rb2 {[%clk 00:02:33]} c5 {[%clk 00:00:47]} 36. Rb6 {[%clk
00:02:18]} {[%emt 00:00:25]} cxd4 {[%clk 00:00:50]} {[%emt 00:00:07]} 37. cxd4
{[%clk 00:02:27]} {[%emt 00:00:02]} a5 {[%clk 00:00:41]} {[%emt 00:00:18]} 38.
Rb5 {[%clk 00:02:32]} {[%emt 00:00:06]} Rxd4 {[%clk 00:00:46]} {[%emt
00:00:05]} 39. Rxa5 {[%clk 00:02:41]} Rd3+ {[%clk 00:00:33]} {[%emt 00:00:23]}
40. Ke2 {[%clk 00:02:48]} {[%emt 00:00:03]} Rd4 {[%clk 00:00:42]} 41. Ke3
{[%clk 00:02:39]} {[%emt 00:00:19]} Rc4 {[%clk 00:00:44]} {[%emt 00:00:09]} 42.
h5 {[%clk 00:01:15]} {[%emt 00:01:34]} Bc5+ {[%clk 00:00:23]} {[%emt 00:00:31]}
43. Kf3 {[%clk 00:01:24]} Bxf2 {[%clk 00:00:27]} {[%emt 00:00:06]} 44. Ra8+
{[%clk 00:00:50]} {[%emt 00:00:44]} Kf7 {[%clk 00:00:35]} 45. a5 {[%clk
00:01:00]} Bd4 {[%clk 00:00:15]} {[%emt 00:00:30]} 46. Rh8 {[%clk 00:00:35]}
{[%emt 00:00:34]} Kg7 {[%clk 00:00:22]} {[%emt 00:00:03]} 47. Rd8 {[%clk
00:00:44]} {[%emt 00:00:01]} Ra4 {[%clk 00:00:14]} {[%emt 00:00:19]} 48. Rd7+
{[%clk 00:00:49]} {[%emt 00:00:04]} Kf8 {[%clk 00:00:21]} {[%emt 00:00:02]} 49.
Bd6+ {[%clk 00:00:28]} {[%emt 00:00:32]} Kg8 {[%clk 00:00:23]} {[%emt
00:00:08]} 50. Bc7 {[%clk 00:00:19]} {[%emt 00:00:19]} Ra3+ {[%clk 00:00:29]}
{[%emt 00:00:03]} 51. Ke2 {[%clk 00:00:22]} {[%emt 00:00:07]} f4 {[%clk
00:00:32]} {[%emt 00:00:08]} 52. Rxd5 {[%clk 00:00:12]} {[%emt 00:00:20]} f3+
{[%clk 00:00:41]} 53. Kd2 {[%clk 00:00:21]} {[%emt 00:00:01]} f2 {[%clk
00:00:47]} {[%emt 00:00:04]} 54. Rf5 {[%clk 00:00:18]} {[%emt 00:00:13]} Ra1
{[%clk 00:00:53]} {[%emt 00:00:03]} 55. Ke2 {[%clk 00:00:13]} {[%emt 00:00:15]}
Re1+ {[%clk 00:01:01]} {[%emt 00:00:03]} 56. Kd3 {[%clk 00:00:23]} Ba7 {[%clk
00:00:57]} {[%emt 00:00:13]} 0-1

[Event "FIDE World Cup 2025"]
[Site "Goa, India"]
[Date "2025.11.03"]
[Round "4.6"]
[White "Adly, Ahmed"]
[Black "Grigoryan, Karen H."]
[Result "0-1"]
[TimeControl ": 90 minutes for the first 40 moves, followed by 30 minutes for the rest of the gamewith an increment of 30 seconds per move starting from move 1"]
[WhiteFideId "10601619"]
[BlackFideId "13301004"]
[WhiteElo "2589"]
[BlackElo "2481"]

1. d4 {[%clk 00:14:53]} {[%emt 00:00:27]} g6 {[%clk 00:15:09]} {[%emt
00:00:10]} 2. Nf3 {[%clk 00:14:56]} {[%emt 00:00:08]} Bg7 {[%clk 00:15:17]}
{[%emt 00:00:02]} 3. g3 {[%clk 00:15:04]} {[%emt 00:00:02]} d6 {[%clk
00:15:21]} {[%emt 00:00:06]} 4. Bg2 {[%clk 00:15:12]} {[%emt 00:00:02]} Nd7
{[%clk 00:15:29]} 5. O-O {[%clk 00:15:20]} {[%emt 00:00:03]} e5 {[%clk
00:15:38]} {[%emt 00:00:02]} 6. c4 {[%clk 00:15:28]} {[%emt 00:00:02]} Ngf6
{[%clk 00:15:44]} {[%emt 00:00:02]} 7. Nc3 {[%clk 00:15:36]} {[%emt 00:00:03]}
O-O {[%clk 00:15:52]} {[%emt 00:00:02]} 8. Rb1 {[%clk 00:15:45]} {[%emt
00:00:02]} c6 {[%clk 00:15:56]} {[%emt 00:00:05]} 9. b4 {[%clk 00:15:49]}
{[%emt 00:00:06]} e4 {[%clk 00:16:01]} {[%emt 00:00:05]} 10. Nd2 {[%clk
00:15:45]} {[%emt 00:00:14]} d5 {[%clk 00:16:09]} {[%emt 00:00:02]} 11. b5
{[%clk 00:15:54]} {[%emt 00:00:02]} Re8 {[%clk 00:16:06]} {[%emt 00:00:13]} 12.
bxc6 {[%clk 00:15:42]} {[%emt 00:00:21]} bxc6 {[%clk 00:16:14]} {[%emt
00:00:02]} 13. cxd5 {[%clk 00:15:51]} {[%emt 00:00:02]} cxd5 {[%clk 00:16:21]}
{[%emt 00:00:02]} 14. Nb3 {[%clk 00:16:00]} {[%emt 00:00:01]} Nb6 {[%clk
00:16:19]} {[%emt 00:00:12]} 15. Nc5 {[%clk 00:15:49]} {[%emt 00:00:22]} Bf5
{[%clk 00:16:20]} {[%emt 00:00:08]} 16. Rb3 {[%clk 00:15:48]} {[%emt 00:00:12]}
Nc4 {[%clk 00:15:28]} {[%emt 00:01:02]} 17. Rb4 {[%clk 00:14:45]} {[%emt
00:01:13]} a5 {[%clk 00:15:20]} {[%emt 00:00:16]} 18. Rb5 {[%clk 00:14:35]}
{[%emt 00:00:21]} e3 {[%clk 00:14:09]} {[%emt 00:01:20]} 19. f4 {[%clk
00:11:44]} {[%emt 00:03:02]} Ne4 {[%clk 00:12:43]} {[%emt 00:01:36]} 20. N5a4
{[%clk 00:10:17]} {[%emt 00:01:38]} Ned2 {[%clk 00:11:52]} {[%emt 00:01:01]} 21.
Rxd5 {[%clk 00:09:52]} {[%emt 00:00:35]} Qe7 {[%clk 00:11:52]} {[%emt
00:00:09]} 22. Re1 {[%clk 00:06:07]} {[%emt 00:03:56]} Rad8 {[%clk 00:11:59]}
{[%emt 00:00:03]} 23. Nb2 {[%clk 00:05:10]} {[%emt 00:01:08]} Bxd4 {[%clk
00:07:28]} {[%emt 00:04:40]} 24. Nxc4 {[%clk 00:05:16]} {[%emt 00:00:04]} Bxc3
{[%clk 00:07:28]} {[%emt 00:00:10]} 25. Nxd2 {[%clk 00:05:08]} {[%emt
00:00:18]} Rxd5 {[%clk 00:06:13]} {[%emt 00:01:25]} 26. Bxd5 {[%clk 00:05:16]}
{[%emt 00:00:02]} Rd8 {[%clk 00:06:08]} {[%emt 00:00:15]} 27. Nf3 {[%clk
00:03:06]} {[%emt 00:02:21]} Bxe1 {[%clk 00:05:05]} {[%emt 00:01:12]} 28. Bb2
{[%clk 00:03:15]} {[%emt 00:00:01]} Bd2 {[%clk 00:04:00]} {[%emt 00:01:15]} 29.
Qb3 {[%clk 00:03:07]} {[%emt 00:00:18]} Be6 {[%clk 00:04:04]} {[%emt 00:00:06]}
30. Bxe6 {[%clk 00:02:37]} {[%emt 00:00:40]} Qxe6 {[%clk 00:04:13]} {[%emt
00:00:01]} 31. Qb5 {[%clk 00:02:46]} Bb4 {[%clk 00:04:08]} {[%emt 00:00:15]} 32.
Kg2 {[%clk 00:02:35]} {[%emt 00:00:21]} f6 {[%clk 00:03:44]} {[%emt 00:00:33]}
33. a3 {[%clk 00:02:19]} {[%emt 00:00:27]} Rd5 {[%clk 00:03:09]} {[%emt
00:00:45]} 34. Qb8+ {[%clk 00:02:00]} {[%emt 00:00:28]} Bf8 {[%clk 00:03:18]}
{[%emt 00:00:02]} 35. Bd4 {[%clk 00:01:53]} {[%emt 00:00:18]} Kf7 {[%clk
00:03:21]} {[%emt 00:00:06]} 36. Qc7+ {[%clk 00:01:35]} {[%emt 00:00:28]} Be7
{[%clk 00:03:16]} {[%emt 00:00:16]} 37. a4 {[%emt 00:00:29]} Qe4 {[%clk
00:03:06]} 38. Qc3 {[%clk 00:01:25]} {[%emt 00:00:20]} Rd7 {[%clk 00:02:02]}
{[%emt 00:01:14]} 39. h3 {[%clk 00:01:03]} {[%emt 00:00:32]} Bb4 {[%clk
00:01:42]} {[%emt 00:00:30]} 40. Qc4+ {[%clk 00:00:58]} {[%emt 00:00:15]} Qe6
{[%clk 00:01:39]} {[%emt 00:00:12]} 41. Qb5 {[%clk 00:01:03]} {[%emt 00:00:06]}
Rc7 {[%clk 00:01:42]} {[%emt 00:00:07]} 42. h4 {[%clk 00:00:54]} {[%emt
00:00:20]} Rc2 {[%clk 00:01:41]} {[%emt 00:00:11]} 43. Bb6 {[%clk 00:00:17]}
{[%emt 00:00:47]} Qc6 {[%clk 00:01:33]} {[%emt 00:00:19]} 44. Qa6 {[%clk
00:00:19]} {[%emt 00:00:08]} Be7 {[%clk 00:01:32]} {[%emt 00:00:10]} 45. Qd3
{[%clk 00:00:17]} {[%emt 00:00:13]} Rc3 {[%clk 00:01:14]} {[%emt 00:00:28]} 46.
Qd4 {[%clk 00:00:26]} {[%emt 00:00:02]} Ra3 {[%clk 00:00:46]} {[%emt 00:00:37]}
47. Bxa5 {[%clk 00:00:18]} {[%emt 00:00:19]} Rxa4 {[%clk 00:00:54]} {[%emt
00:00:03]} 48. Qc3 {[%clk 00:00:24]} {[%emt 00:00:02]} Qb5 {[%clk 00:00:59]}
{[%emt 00:00:07]} 49. Nd4 {[%clk 00:00:22]} {[%emt 00:00:11]} Qd5+ {[%clk
00:01:07]} {[%emt 00:00:01]} 50. Kh2 {[%clk 00:00:23]} {[%emt 00:00:10]} Rxd4
{[%clk 00:01:11]} {[%emt 00:00:06]} 0-1